[Event "Prva liga Centalne Srbije 2009"]
[Site "Vrnjacka Banja"]
[Date "2009.09.20"]
[Round "3.2"]
[White "Kosanovic, Dragan"]
[Black "Pejcic, Milutin"]
[Result "1-0"]
[WhiteElo "2314"]
[BlackElo "2162"]
[PlyCount "101"]
[EventDate "2009.09.19"]

1. d4 Nf6 2. Nf3 g6 3. Bf4 Bg7 4. e3 O-O 5. h3 d6 6. c4 c5 7. Nc3 Qa5 8. Qd2
cxd4 9. exd4 e5 10. Be3 Nc6 11. d5 Nd4 12. Nxd4 exd4 13. Bxd4 a6 14. Be2 Bd7
15. O-O Ne4 16. Qe3 Nxc3 17. Bxc3 Bxc3 18. Qxc3 Qxc3 19. bxc3 b5 20. Rfb1 Rfc8
21. cxb5 axb5 22. Bxb5 Bxb5 23. Rxb5 Rxc3 24. a4 Rc5 25. Rxc5 dxc5 26. Kf1 Kf8
27. Ke2 Ke7 28. Kd3 Kd6 29. Kc4 Rb8 30. a5 Rb4+ 31. Kc3 Kxd5 32. a6 Rc4+ 33.
Kd3 Rd4+ 34. Ke3 Re4+ 35. Kf3 Re8 36. a7 Ra8 37. Ke3 Kc4 38. Kd2 Rd8+ 39. Kc2
Ra8 40. h4 h6 41. g4 f5 42. h5 gxh5 43. gxf5 Kd5 44. Ra6 h4 45. f6 h3 46. f7 h5
47. Rh6 h2 48. Rxh5+ Ke6 49. Rxh2 Ke7 50. Rh7 Rf8 51. a8=Q 1-0

[Event "Prva liga Centalne Srbije 2009"]
[Site "Vrnjacka Banja"]
[Date "2009.09.20"]
[Round "3.3"]
[White "Savicevic, Vlatko"]
[Black "Janev, Evgeni"]
[Result "1-0"]
[WhiteElo "2331"]
[BlackElo "2461"]
[PlyCount "95"]
[EventDate "2009.09.19"]

1. e4 Nf6 2. e5 Nd5 3. d4 d6 4. c4 Nb6 5. exd6 exd6 6. Nc3 Be7 7. Bd3 Nc6 8.
Nge2 O-O 9. O-O Bf6 10. b3 Bg4 11. Be3 Re8 12. Qd2 d5 13. c5 Bxe2 14. Nxe2 Nd7
15. b4 a6 16. a3 Nf8 17. Bc2 Qd7 18. Rad1 Ne6 19. f4 Nf8 20. Rf3 Re7 21. Ng3
Rae8 22. Kh1 g6 23. Ne2 Ne6 24. Bb3 Ng7 25. Nc3 Rxe3 26. Rxe3 Rxe3 27. Qxe3 Ne7
28. Qf3 c6 29. g4 Ne6 30. Ne2 Bg7 31. Bc2 Nc7 32. f5 Ne8 33. Rf1 h6 34. Qe3 Nf6
35. h3 g5 36. Re1 Kf8 37. Ng1 Ne4 38. Bxe4 dxe4 39. Qxe4 Nd5 40. Ne2 Bf6 41.
Ng3 Bd8 42. Nh5 Bc7 43. f6 Kg8 44. Qe8+ Qxe8 45. Rxe8+ Kh7 46. Rf8 b5 47. Rxf7+
Kg8 48. Rd7 1-0

[Event "Prva liga Centalne Srbije 2009"]
[Site "Vrnjacka Banja"]
[Date "2009.09.20"]
[Round "3.3"]
[White "Radovanovic, Dusan"]
[Black "Simic, Dragisa"]
[Result "1-0"]
[WhiteElo "2352"]
[BlackElo "2348"]
[PlyCount "81"]
[EventDate "2009.09.19"]

1. d4 e6 2. Nf3 d5 3. c4 c6 4. e3 Nf6 5. Bd3 Nbd7 6. b3 Bd6 7. Bb2 O-O 8. O-O
b6 9. Nc3 Bb7 10. Qc2 c5 11. cxd5 exd5 12. Rad1 Rc8 13. Bf5 c4 14. Ne5 g6 15.
Bh3 Re8 16. f4 Ba6 17. Rf2 cxb3 18. Qxb3 Bc4 19. Qa4 Rc7 20. Nb5 Bxb5 21. Qxb5
Nf8 22. Rff1 Rc2 23. Rc1 Qc7 24. Qa4 Rxc1 25. Rxc1 Qe7 26. g3 h5 27. Qb3 Ne6
28. Rf1 Nc7 29. f5 g5 30. Bg2 Ng4 31. Nxg4 hxg4 32. Re1 Rd8 33. e4 dxe4 34.
Rxe4 Qf6 35. Qd3 Bf8 36. Rxg4 Bg7 37. Re4 Nd5 38. Re5 Nb4 39. Qc4 Qd6 40. Re4
Nd5 41. Qe2 1-0

[Event "Prva liga Centalne Srbije 2009"]
[Site "Vrnjacka Banja"]
[Date "2009.09.20"]
[Round "3.3"]
[White "Adzic, Momcilo"]
[Black "Zivkovic, Ivan B"]
[Result "1/2-1/2"]
[WhiteElo "2258"]
[BlackElo "2341"]
[PlyCount "46"]
[EventDate "2009.09.19"]

1. e4 c5 2. Nc3 Nc6 3. g3 g6 4. Bg2 Bg7 5. f4 d6 6. Nf3 e6 7. O-O Nge7 8. d3
Rb8 9. Kh1 b5 10. Ne2 O-O 11. c3 b4 12. c4 f5 13. Qc2 e5 14. Bd2 Kh8 15. Rab1
Be6 16. Be3 Qa5 17. b3 Qb6 18. Bc1 Qc7 19. Bb2 Qd7 20. Rbe1 fxe4 21. dxe4 h6
22. Bc1 a5 23. Qd3 a4 1/2-1/2

[Event "Prva liga Centalne Srbije 2009"]
[Site "Vrnjacka Banja"]
[Date "2009.09.20"]
[Round "3.3"]
[White "Dudukovic, Nikola"]
[Black "Rajevic, Gavrilo"]
[Result "1/2-1/2"]
[WhiteElo "2210"]
[BlackElo "2275"]
[PlyCount "124"]
[EventDate "2009.09.19"]

1. e4 c5 2. Nf3 d6 3. d4 cxd4 4. Nxd4 Nf6 5. Nc3 a6 6. f3 e5 7. Nb3 Be6 8. Be3
Nbd7 9. Qd2 b5 10. O-O-O Rc8 11. g4 h6 12. h4 Qc7 13. Kb1 Nb6 14. Bxb5+ axb5
15. Nxb5 Qc6 16. Na7 Nc4 17. Qf2 Qa6 18. Nxc8 Qxc8 19. Bc1 Qa6 20. Qe1 Nd7 21.
Rg1 g6 22. Qc3 Rg8 23. g5 h5 24. a3 Bg7 25. Qb4 Ke7 26. Rd3 Rb8 27. Qe1 Kf8 28.
Qd1 Kg8 29. Rf1 Ndb6 30. Rxd6 Nxd6 31. Qxd6 Rc8 32. Rd1 Bf8 33. Qxe5 Qe2 34.
Rd2 Qf1 35. Qf6 Nd7 36. Qd4 Qxf3 37. Qd3 Qh1 38. Nd4 Bc4 39. Qf3 Qxh4 40. Nf5
gxf5 41. Rxd7 Be6 42. Rd4 Bg7 43. Rb4 Bf8 44. exf5 Bxb4 45. fxe6 fxe6 46. axb4
Qxb4 47. g6 Rc7 48. Qxh5 Qe4 49. Qh2 Rd7 50. b3 Qxg6 51. Bb2 Rd1+ 52. Ka2 Qf5
53. Qg3+ Kf7 54. Qc3 Rd5 55. Qc7+ Kg6 56. Qg7+ Kh5 57. Qg2 Ra5+ 58. Kb1 e5 59.
Qh1+ Kg6 60. Qc6+ Kh5 61. Qh1+ Kg6 62. Qc6+ Kh5 1/2-1/2

[Event "Prva liga Centalne Srbije 2009"]
[Site "Vrnjacka Banja"]
[Date "2009.09.20"]
[Round "3.3"]
[White "Jakovljevic, Marko"]
[Black "Kolarevic, Darko"]
[Result "0-1"]
[WhiteElo "2002"]
[BlackElo "2179"]
[PlyCount "60"]
[EventDate "2009.09.19"]

1. d4 Nf6 2. c4 g6 3. Nc3 Bg7 4. e4 d6 5. Nf3 O-O 6. Be2 e5 7. O-O Nc6 8. d5
Ne7 9. Ne1 Nd7 10. Be3 f5 11. f3 f4 12. Bf2 g5 13. Nd3 Nf6 14. c5 Ng6 15. Rc1
Rf7 16. b4 h5 17. Qc2 g4 18. cxd6 cxd6 19. Nb5 Ne8 20. Qd2 Bh6 21. g3 Kh7 22.
gxf4 exf4 23. Nd4 g3 24. Be1 Rg7 25. Rxc8 Rxc8 26. Nf5 Nh4 27. Nxg7 Qb6+ 28.
Nf2 Nxg7 29. Qd3 Kh8 30. a4 g2 0-1

[Event "Prva liga Centalne Srbije 2009"]
[Site "Vrnjacka Banja"]
[Date "2009.09.20"]
[Round "3.3"]
[White "Pajic, Milomir"]
[Black "Draskovic, Dragan"]
[Result "0-1"]
[WhiteElo "2198"]
[BlackElo "2124"]
[PlyCount "74"]
[EventDate "2009.09.19"]

1. c4 Nf6 2. Nc3 d5 3. cxd5 Nxd5 4. g3 g6 5. Bg2 Nf6 6. Nf3 Bg7 7. O-O O-O 8.
d3 Nc6 9. Bd2 Bg4 10. h3 Bf5 11. Rc1 Be6 12. Qa4 Nd5 13. Nxd5 Bxd5 14. Bc3 e5
15. e4 Be6 16. Rfd1 Nd4 17. Nxd4 exd4 18. Bb4 Re8 19. a3 c6 20. Bd2 Qd7 21. h4
Bh3 22. Re1 Bxg2 23. Kxg2 f5 24. f3 fxe4 25. fxe4 Rf8 26. Rf1 Be5 27. Bb4 Qg4
28. Qb3+ Kh8 29. Rxf8+ Rxf8 30. Bxf8 Qxg3+ 31. Kf1 Qf4+ 32. Kg2 Qd2+ 33. Kf3
Qxc1 34. Ke2 Qe3+ 35. Kd1 Qf3+ 36. Kc2 Qxf8 37. Qxb7 Qb8 0-1

[Event "Prva liga Centalne Srbije 2009"]
[Site "Vrnjacka Banja"]
[Date "2009.09.20"]
[Round "3.4"]
[White "Urosevic, Zoran"]
[Black "Spasov, Vasil"]
[Result "0-1"]
[WhiteElo "2292"]
[BlackElo "2592"]
[PlyCount "80"]
[EventDate "2009.09.19"]

1. e4 c5 2. Nf3 Nc6 3. d4 cxd4 4. Nxd4 Nf6 5. Nc3 e5 6. Ndb5 d6 7. Bg5 a6 8.
Na3 b5 9. Nd5 Be7 10. Bxf6 Bxf6 11. c3 O-O 12. Nc2 Bg5 13. Bd3 Ne7 14. Nxe7+
Qxe7 15. Qe2 Bb7 16. h4 Bh6 17. Ne3 Bxe3 18. Qxe3 d5 19. O-O-O b4 20. c4 d4 21.
Qe2 b3 22. axb3 a5 23. Qd2 Rfb8 24. b4 axb4 25. b3 Ra3 26. Kb2 Bc6 27. Ra1 Qa7
28. Rhb1 f5 29. f3 fxe4 30. fxe4 Ra8 31. Rxa3 Qxa3+ 32. Kc2 Rf8 33. Qe2 h6 34.
g3 Kh8 35. Kd1 Bd7 36. Bc2 Qa6 37. Kd2 Qg6 38. Rg1 Bg4 39. Qe1 h5 40. Kc1 Qa6
0-1

[Event "Prva liga Centalne Srbije 2009"]
[Site "Vrnjacka Banja"]
[Date "2009.09.20"]
[Round "3.4"]
[White "Vojinovic, Goran"]
[Black "Pantelic, Sasa"]
[Result "1/2-1/2"]
[WhiteElo "2458"]
[BlackElo "2320"]
[PlyCount "74"]
[EventDate "2009.09.19"]

1. Nf3 Nf6 2. g3 g6 3. b3 Bg7 4. Bb2 O-O 5. Bg2 d6 6. d4 Nc6 7. O-O Bg4 8. Nbd2
Nd7 9. h3 Bxf3 10. Nxf3 Re8 11. e4 e5 12. c3 exd4 13. Nxd4 Nc5 14. Nxc6 bxc6
15. Qc2 a5 16. Rae1 Rb8 17. Bc1 Nd7 18. Bd2 c5 19. f4 Qc8 20. Kh2 c4 21. b4 Qa6
22. a4 c6 23. Rb1 axb4 24. cxb4 c3 25. Bxc3 Bxc3 26. Qxc3 Qxa4 27. e5 d5 28.
Rfc1 Rec8 29. Rd1 Qb5 30. Qe1 Nf8 31. Rdc1 Ne6 32. Qd2 Ra8 33. Kh1 Ra3 34. g4
Rca8 35. Rb2 Rd3 36. Qf2 Raa3 37. Bf1 Rxh3+ 1/2-1/2

[Event "Prva liga Centalne Srbije 2009"]
[Site "Vrnjacka Banja"]
[Date "2009.09.20"]
[Round "3.4"]
[White "Lazic, Zeljko"]
[Black "Raicevic, Vladimir"]
[Result "1/2-1/2"]
[WhiteElo "2181"]
[BlackElo "2401"]
[PlyCount "24"]
[EventDate "2009.09.19"]

1. d4 d5 2. Nf3 Nf6 3. Bg5 e6 4. Nbd2 c5 5. e3 Nc6 6. c3 h6 7. Bh4 a6 8. Bd3 g5
9. Bg3 Nh5 10. Be5 Nf6 11. Bg3 Nh5 12. Be5 Nf6 1/2-1/2

[Event "Prva liga Centalne Srbije 2009"]
[Site "Vrnjacka Banja"]
[Date "2009.09.20"]
[Round "3.4"]
[White "Milosevic, Aleksandar"]
[Black "Micic, Nenad"]
[Result "1-0"]
[WhiteElo "2280"]
[BlackElo "2247"]
[PlyCount "99"]
[EventDate "2009.09.19"]

1. Nf3 Nf6 2. c4 g6 3. Nc3 Bg7 4. e4 d6 5. d4 O-O 6. Be2 e5 7. O-O Nc6 8. d5
Ne7 9. b4 Nh5 10. Re1 a5 11. bxa5 c5 12. Nd2 Nf4 13. Bf1 Rxa5 14. a4 Ra6 15.
Ra3 g5 16. Nb5 f5 17. g3 Nfg6 18. exf5 Bxf5 19. Bg2 Qd7 20. Ne4 h6 21. Be3 Bg4
22. f3 Bf5 23. Nexd6 Rxd6 24. g4 b6 25. a5 Nf4 26. Nxd6 Qxd6 27. gxf5 Nxf5 28.
a6 e4 29. Bxf4 gxf4 30. a7 Bd4+ 31. Kf1 Ne3+ 32. Rexe3 fxe3 33. a8=Q e2+ 34.
Kxe2 exf3+ 35. Bxf3 Qe5+ 36. Kf1 Qxh2 37. Qxf8+ Kxf8 38. Qe1 Qg1+ 39. Ke2 Qh2+
40. Kd1 Be5 41. Re3 Bf6 42. Re8+ Kg7 43. Re2 Qf4 44. Be4 Qe5 45. Bb1 Qd4+ 46.
Rd2 Qxc4 47. Rg2+ Bg5 48. Qe7+ Kg8 49. Qh7+ Kf8 50. Rf2+ 1-0

[Event "Prva liga Centalne Srbije 2009"]
[Site "Vrnjacka Banja"]
[Date "2009.09.20"]
[Round "3.4"]
[White "Misic, Dragan"]
[Black "Nesic, Nebojsa"]
[Result "1/2-1/2"]
[WhiteElo "2300"]
[BlackElo "2127"]
[PlyCount "90"]
[EventDate "2009.09.19"]

1. d4 Nf6 2. Nf3 g6 3. g3 Bg7 4. Bg2 O-O 5. O-O d6 6. c4 c6 7. Nc3 a6 8. e4
Nfd7 9. Be3 b5 10. Qd3 Nb6 11. b3 bxc4 12. bxc4 a5 13. Rfc1 Ba6 14. Nd2 N8d7
15. Rab1 Rc8 16. Bf1 c5 17. Nb5 cxd4 18. Bxd4 Nc5 19. Qe3 Bxd4 20. Qxd4 Nbd7
21. Be2 Ne5 22. h4 Qd7 23. Kg2 h5 24. f3 f5 25. f4 Nc6 26. Qe3 fxe4 27. Nxe4
Nxe4 28. Qxe4 Kg7 29. Nd4 Nxd4 30. Qxd4+ Kh6 31. Bd3 Rc5 32. Re1 Bc8 33. Qe3
Qh3+ 34. Kg1 Bf5 35. Bf1 Qg4 36. Qxe7 Qxg3+ 37. Bg2 Rfc8 38. Rb7 R5c7 39. Rxc7
Rxc7 40. Qf8+ Kh7 41. Re8 Qc3 42. Qxd6 Qxc4 43. Re7+ Rxe7 44. Qxe7+ Kh8 45.
Qe5+ Kh7 1/2-1/2

[Event "Prva liga Centalne Srbije 2009"]
[Site "Vrnjacka Banja"]
[Date "2009.09.20"]
[Round "3.4"]
[White "Stefanovic, Vladimir"]
[Black "Tomic, Miroslav Lj"]
[Result "1-0"]
[WhiteElo "2177"]
[BlackElo "2149"]
[PlyCount "59"]
[EventDate "2009.09.19"]

1. Nf3 d5 2. c4 c6 3. g3 Nf6 4. Bg2 g6 5. O-O Bg7 6. d4 O-O 7. b3 Na6 8. Bb2
Bf5 9. Nbd2 Be4 10. Nxe4 Nxe4 11. e3 Nc7 12. Qe2 a6 13. Rfd1 f5 14. Ne1 h6 15.
Nd3 Kh7 16. Rac1 e6 17. f3 Nd6 18. Ne5 Rc8 19. Ba3 Rg8 20. e4 Bxe5 21. dxe5 Nf7
22. exd5 cxd5 23. f4 g5 24. cxd5 Nxd5 25. Bxd5 Rxc1 26. Bxc1 exd5 27. Qd3 gxf4
28. Qxf5+ Kg7 29. e6 Qb6+ 30. Kh1 1-0

[Event "Prva liga Centalne Srbije 2009"]
[Site "Vrnjacka Banja"]
[Date "2009.09.20"]
[Round "3.5"]
[White "Panic, Nenad"]
[Black "Bojkov, Dejan"]
[Result "0-1"]
[WhiteElo "2398"]
[BlackElo "2528"]
[PlyCount "76"]
[EventDate "2009.09.19"]

1. c4 e5 2. g3 Nf6 3. Bg2 d5 4. cxd5 Nxd5 5. Nf3 Nc6 6. O-O Nb6 7. d3 Be7 8.
Nc3 O-O 9. a3 Be6 10. b4 f6 11. Be3 a5 12. b5 Nd4 13. Bxd4 exd4 14. Na4 Qd7 15.
Qc2 Rad8 16. Nc5 Bxc5 17. Qxc5 Na4 18. Qc2 Qxb5 19. Qxc7 Rd7 20. Qc2 Rd6 21.
Rfb1 Qd7 22. h4 b6 23. Qd2 Re8 24. Rc1 Nc5 25. Rxc5 bxc5 26. Qxa5 c4 27. dxc4
Bxc4 28. Rc1 Bxe2 29. Rc7 Qg4 30. Qa7 Kh8 31. Re7 Rdd8 32. Rxe8+ Rxe8 33. Nxd4
Bc4 34. Qc5 Rc8 35. Nc6 Be6 36. Qd6 Bf7 37. Nd8 Bg8 38. Qf8 Qd1+ 0-1

[Event "Prva liga Centalne Srbije 2009"]
[Site "Vrnjacka Banja"]
[Date "2009.09.20"]
[Round "3.5"]
[White "Brankovic, Dejan"]
[Black "Djokic, Nenad"]
[Result "1/2-1/2"]
[WhiteElo "2358"]
[BlackElo "2349"]
[PlyCount "81"]
[EventDate "2009.09.19"]

1. e4 c5 2. Nf3 Nc6 3. d4 cxd4 4. Nxd4 Nf6 5. Nc3 e5 6. Ndb5 d6 7. Bg5 a6 8.
Na3 b5 9. Bxf6 gxf6 10. Nd5 f5 11. g3 Bg7 12. Bg2 fxe4 13. Bxe4 Be6 14. Ne3 Rc8
15. c3 Ne7 16. Bb7 Rc5 17. Bxa6 Qa8 18. Qxd6 Qxh1+ 19. Nf1 Qe4+ 20. Ne3 Qh1+
21. Nf1 Qd5 22. Qb8+ Qd8 23. Bxb5+ Bd7 24. Bxd7+ Kxd7 25. Qb4 Kc6 26. Ne3 Qb6
27. Rd1 Qxb4 28. cxb4 Rd5 29. Nxd5 Nxd5 30. b5+ Kd6 31. Nc4+ Ke6 32. a4 Rb8 33.
b6 Bf8 34. a5 Bc5 35. Ke2 f5 36. f3 h5 37. Kd3 Rd8 38. Ke2 Rb8 39. Kd3 Rd8 40.
Ke2 e4 41. a6 1/2-1/2

[Event "Prva liga Centalne Srbije 2009"]
[Site "Vrnjacka Banja"]
[Date "2009.09.20"]
[Round "3.5"]
[White "Stankovic, Dragan P"]
[Black "Prelevic, Dusko"]
[Result "0-1"]
[WhiteElo "2326"]
[BlackElo "2321"]
[PlyCount "76"]
[EventDate "2009.09.19"]

1. g3 c5 2. Bg2 g6 3. c4 Bg7 4. Nc3 Nc6 5. a3 a6 6. Rb1 Rb8 7. b4 cxb4 8. axb4
b5 9. cxb5 axb5 10. Nf3 d5 11. Nh4 Nf6 12. O-O O-O 13. d3 Be6 14. Bd2 Qb6 15.
Nf3 d4 16. Ne4 Nxe4 17. dxe4 Ra8 18. Ne1 Ra2 19. Nd3 Bc4 20. Re1 Rfa8 21. e5
R8a3 22. Bg5 h6 23. Bxc6 hxg5 24. Be4 Qe6 25. Nc1 Qxe5 26. Bd3 Ra1 27. Rxa1
Rxa1 28. Qc2 Qe6 29. Qb2 Ra4 30. Qd2 Bf6 31. Bc2 Ra8 32. Nd3 Kg7 33. f4 gxf4
34. Nxf4 Qd6 35. Nd3 Bd5 36. Nc5 Ra2 37. Qd1 Qe5 38. Bd3 Bg5 0-1

[Event "Prva liga Centalne Srbije 2009"]
[Site "Vrnjacka Banja"]
[Date "2009.09.20"]
[Round "3.5"]
[White "Organdziev, Oliver"]
[Black "Obradovic, Blazimir"]
[Result "1/2-1/2"]
[WhiteElo "2297"]
[BlackElo "2207"]
[PlyCount "105"]
[EventDate "2009.09.19"]

1. e4 e6 2. d4 d5 3. e5 c5 4. c3 Nc6 5. Nf3 Qb6 6. a3 c4 7. Nbd2 Na5 8. g3 Bd7
9. Bh3 h6 10. Bg4 O-O-O 11. h4 h5 12. Bh3 g6 13. O-O Nh6 14. Re1 Kb8 15. Rb1
Rc8 16. Nf1 Nf5 17. Bg5 Bh6 18. Bxf5 exf5 19. Ne3 Be6 20. Ng2 Bxg5 21. Nxg5
Rhg8 22. Nf4 Qc6 23. Qf3 Nb3 24. Re2 a5 25. Rbe1 a4 26. Qg2 b5 27. Qf3 Na5 28.
Qe3 Nb7 29. f3 Qd7 30. Rf2 Nd8 31. Kf1 Nc6 32. Ke2 Ne7 33. Kd2 Rg7 34. Ref1 Rh8
35. Kc1 Kb7 36. Ng2 Kb6 37. Nf4 Kc6 38. Qe1 Kb6 39. Rg2 Ka6 40. Rfg1 Kb6 41.
Kb1 Kc6 42. Ka2 Kb6 43. Rf1 Kc6 44. g4 hxg4 45. fxg4 Rh6 46. Rgg1 Qc8 47. Rh1
Qg8 48. Rh2 Kd7 49. Ngxe6 fxe6 50. g5 Rh8 51. Rfh1 Rgh7 52. Qg3 Rh5 53. Qf3
1/2-1/2

[Event "Prva liga Centalne Srbije 2009"]
[Site "Vrnjacka Banja"]
[Date "2009.09.20"]
[Round "3.5"]
[White "Djoric, Dusan"]
[Black "Zivkovic, Momcilo"]
[Result "1/2-1/2"]
[WhiteElo "2302"]
[BlackElo "2136"]
[PlyCount "51"]
[EventDate "2009.09.19"]

1. Nf3 e6 2. g3 Nf6 3. Bg2 d5 4. O-O Be7 5. c4 O-O 6. cxd5 exd5 7. d4 c6 8. Nc3
h6 9. Ne5 Bf5 10. h3 Nbd7 11. g4 Bh7 12. Bf4 Ne4 13. Nxe4 Bxe4 14. Bxe4 dxe4
15. Qc2 Nf6 16. Rad1 Qd5 17. Nc4 Qe6 18. Ne3 Nd5 19. Nxd5 Qxd5 20. Qb3 Qxb3 21.
axb3 Rad8 22. f3 exf3 23. Rxf3 Rd7 24. Rfd3 Bf6 25. Kg2 Rfd8 26. Be3 1/2-1/2

[Event "Prva liga Centalne Srbije 2009"]
[Site "Vrnjacka Banja"]
[Date "2009.09.20"]
[Round "3.6"]
[White "Govedarica, Radovan"]
[Black "Blagojevic, Dragisa"]
[Result "1/2-1/2"]
[WhiteElo "2394"]
[BlackElo "2546"]
[PlyCount "56"]
[EventDate "2009.09.19"]

1. e4 e5 2. Nf3 Nc6 3. Bb5 a6 4. Ba4 Nf6 5. O-O Be7 6. Re1 b5 7. Bb3 d6 8. c3
O-O 9. h3 Na5 10. Bc2 c5 11. d4 Nd7 12. d5 Nb6 13. Nbd2 f5 14. exf5 Bxf5 15.
Bxf5 Rxf5 16. Ne4 Qe8 17. Bg5 Nb7 18. b3 h6 19. Bxe7 Qxe7 20. Qd3 c4 21. bxc4
bxc4 22. Qd2 Qc7 23. Nh2 Nc5 24. Nxc5 Qxc5 25. Rad1 Rb8 26. Ng4 Rf7 27. Ne3
Rbf8 28. Rf1 Rb8 1/2-1/2

[Event "Prva liga Centalne Srbije 2009"]
[Site "Vrnjacka Banja"]
[Date "2009.09.20"]
[Round "3.6"]
[White "Ristic, Nenad"]
[Black "Lapcevic, Milos"]
[Result "1/2-1/2"]
[WhiteElo "2407"]
[BlackElo "2390"]
[PlyCount "120"]
[EventDate "2009.09.19"]

1. d4 Nf6 2. Nf3 e6 3. Bg5 c5 4. e3 h6 5. Bxf6 Qxf6 6. Nbd2 b6 7. Bd3 Qd8 8.
O-O Be7 9. Qe2 O-O 10. c3 Bb7 11. Rad1 d6 12. Rfe1 Nd7 13. e4 Qc7 14. e5 dxe5
15. dxe5 Rfd8 16. Be4 Bxe4 17. Qxe4 b5 18. c4 a6 19. b3 Qa5 20. Qc2 Nb8 21. Ne4
Nc6 22. Nd6 Nxe5 23. Nxe5 Rxd6 24. Qe4 Rxd1 25. Rxd1 Rd8 26. Re1 Rd4 27. Qa8+
Bd8 28. b4 Qxb4 29. Rf1 bxc4 30. Qa7 Rf4 31. g3 Rf5 32. Nc6 Qd2 33. Qa8 Rd5 34.
Ne7+ Kh7 35. Nxd5 Qxd5 36. Qxa6 Bg5 37. Qa4 Bd2 38. Qc2+ f5 39. a4 c3 40. a5 c4
41. Ra1 Qd3 42. Ra2 e5 43. a6 e4 44. a7 e3 45. Qxd3 cxd3 46. a8=Q c2 47. Ra1
Bc3 48. Qd5 Bxa1 49. Qxf5+ g6 50. Qc5 e2 51. Qe7+ Bg7 52. Qe3 Bf6 53. Qa7+ Kg8
54. Qa8+ Kf7 55. Qd5+ Ke8 56. Qe6+ Be7 57. Qxg6+ Kf8 58. Qxh6+ Kf7 59. Qh7+ Kf6
60. Qh6+ Kf7 1/2-1/2

[Event "Prva liga Centalne Srbije 2009"]
[Site "Vrnjacka Banja"]
[Date "2009.09.20"]
[Round "3.6"]
[White "Dezelin, Milan"]
[Black "Vratonjic, Slobo"]
[Result "1/2-1/2"]
[WhiteElo "2314"]
[BlackElo "2409"]
[PlyCount "50"]
[EventDate "2009.09.19"]

1. Nf3 c5 2. e3 Nf6 3. b3 d6 4. Bb5+ Nbd7 5. O-O g6 6. Bb2 Bg7 7. d4 O-O 8.
Nbd2 a6 9. Be2 b6 10. c4 e6 11. Rc1 Bb7 12. Rc2 Qc7 13. Qa1 Rfe8 14. Rd1 h6 15.
Nf1 e5 16. dxe5 dxe5 17. Rcd2 Re6 18. Ng3 Rae8 19. h3 Bc6 20. Nh2 Qb7 21. Bf1
Qc7 22. Be2 R8e7 23. Bf3 Bxf3 24. Nxf3 e4 25. Ne1 Nf8 1/2-1/2

[Event "Prva liga Centalne Srbije 2009"]
[Site "Vrnjacka Banja"]
[Date "2009.09.20"]
[Round "3.6"]
[White "Zlatanovic, Boroljub"]
[Black "Djokic, Nebojsa"]
[Result "1/2-1/2"]
[WhiteElo "2404"]
[BlackElo "2216"]
[PlyCount "93"]
[EventDate "2009.09.19"]

1. e4 c5 2. g3 Nc6 3. Bg2 e5 4. Ne2 d6 5. Nbc3 Bg4 6. O-O Qd7 7. Nd5 Nce7 8.
Ne3 Bh3 9. f4 Bxg2 10. Kxg2 Nf6 11. d3 Nc6 12. c4 Nd4 13. f5 Nxe2 14. Qxe2 Be7
15. Bd2 g5 16. b4 h5 17. Rab1 b6 18. a4 cxb4 19. Rxb4 Bd8 20. Rb5 Qc6 21. Nd5
g4 22. Bg5 Nxd5 23. exd5 Qxb5 24. axb5 Bxg5 25. Rh1 O-O-O 26. Qe4 f6 27. Ra1
Kb8 28. d4 Rhe8 29. Re1 Bd2 30. Re2 Bc3 31. dxe5 Bxe5 32. Qd3 Rc8 33. Re4 Rg8
34. Qd2 Rh8 35. Kf1 Rcg8 36. Qe2 Rg5 37. Qf2 Kb7 38. Ke2 Rhg8 39. Rxe5 fxe5 40.
f6 Rf8 41. f7 Rg7 42. Qf6 Rgxf7 43. Qxd6 Rf2+ 44. Ke1 Rf1+ 45. Ke2 R8f2+ 46.
Ke3 Rf3+ 47. Ke2 1/2-1/2

[Event "Prva liga Centalne Srbije 2009"]
[Site "Vrnjacka Banja"]
[Date "2009.09.20"]
[Round "3.6"]
[White "Madjar, Stanislav"]
[Black "Lazic, Dragoljub"]
[Result "0-1"]
[WhiteElo "2171"]
[BlackElo "2317"]
[PlyCount "52"]
[EventDate "2009.09.19"]

1. c4 Nf6 2. Nc3 g6 3. g3 Bg7 4. Bg2 O-O 5. Nf3 d6 6. d3 e5 7. Bg5 h6 8. Bxf6
Bxf6 9. O-O Nc6 10. Rb1 a5 11. a3 Be6 12. Nd5 Bg7 13. b4 axb4 14. axb4 Ne7 15.
Nd2 c6 16. Nxe7+ Qxe7 17. b5 d5 18. Qc2 f5 19. bxc6 bxc6 20. Rb6 Qc5 21. Qb3 e4
22. e3 dxc4 23. Nxc4 Rfd8 24. Rc1 Rxd3 25. Qb4 Qxb4 26. Rxb4 Rc3 0-1

[Event "Prva liga Centalne Srbije 2009"]
[Site "Vrnjacka Banja"]
[Date "2009.09.20"]
[Round "3.6"]
[White "Milosevic, Slavisa"]
[Black "Ilic, Aleksandar"]
[Result "1-0"]
[WhiteElo "2295"]
[BlackElo "2121"]
[PlyCount "77"]
[EventDate "2009.09.19"]

1. e4 c5 2. Nf3 d6 3. d4 cxd4 4. Nxd4 Nf6 5. Nc3 a6 6. g3 e5 7. Nde2 Be6 8. Bg2
b5 9. O-O Nbd7 10. h3 Qc7 11. g4 b4 12. Nd5 Bxd5 13. exd5 Rc8 14. c3 bxc3 15.
Nxc3 Nb6 16. Bg5 Be7 17. Rc1 Qd8 18. Be3 O-O 19. b3 Nfd7 20. Qd2 Nc5 21. Rfd1
Qd7 22. Ne4 Nxe4 23. Bxe4 Rxc1 24. Rxc1 Na8 25. Rc6 g6 26. Bd3 f5 27. Qe2 f4
28. Bd2 f3 29. Qe4 Nc7 30. Bxa6 Nxa6 31. Rxa6 Qb7 32. Qc4 Bh4 33. Be3 Ra8 34.
Rxa8+ Qxa8 35. g5 Qxa2 36. Qxh4 Qb1+ 37. Kh2 e4 38. Qg4 Qf1 39. Bd4 1-0

[Event "Prva liga Centalne Srbije 2009"]
[Site "Vrnjacka Banja"]
[Date "2009.09.21"]
[Round "4.1"]
[White "Kojovic, Dragan"]
[Black "Blagojevic, Dragisa"]
[Result "0-1"]
[WhiteElo "2389"]
[BlackElo "2546"]
[PlyCount "90"]
[EventDate "2009.09.19"]

1. e4 e5 2. Nf3 Nc6 3. Bc4 Bc5 4. d3 Nf6 5. O-O d6 6. Be3 Bxe3 7. fxe3 Na5 8.
Bd5 Nxd5 9. exd5 b6 10. e4 O-O 11. Nc3 Nb7 12. Qd2 Bd7 13. Rae1 Qe7 14. d4 Rae8
15. h3 Qd8 16. Qf2 c6 17. Qg3 f6 18. dxc6 Bxc6 19. Nh4 exd4 20. Nf5 Qd7 21.
Nxd4 Nc5 22. Nf5 Nxe4 23. Nxe4 Rxe4 24. Nxd6 Rxe1 25. Rxe1 Rd8 26. Qb3+ Kf8 27.
Re6 Ba4 28. Qc4 Bxc2 29. Nb5 Rc8 30. Qg4 Kg8 31. Nd6 Rf8 32. Qc4 Kh8 33. Qg4
Ba4 34. Nf5 Bd1 35. Qe4 Bc2 36. Qb4 Qxe6 37. Qxf8+ Qg8 38. Qxg8+ Kxg8 39. Ne7+
Kf7 40. Nc8 Bf5 41. Nxa7 Bd7 42. Kf2 Ke6 43. Ke3 Kd5 44. b3 Kc5 45. a3 b5 0-1

[Event "Prva liga Centalne Srbije 2009"]
[Site "Vrnjacka Banja"]
[Date "2009.09.21"]
[Round "4.1"]
[White "Ristic, Nenad"]
[Black "Solomunovic, Igor"]
[Result "0-1"]
[WhiteElo "2407"]
[BlackElo "2422"]
[PlyCount "110"]
[EventDate "2009.09.19"]

1. e4 e5 2. Nf3 Nc6 3. Bb5 a6 4. Bxc6 dxc6 5. O-O f6 6. d4 Bg4 7. c3 Bd6 8. Be3
Ne7 9. Nbd2 Qd7 10. Qc2 O-O 11. c4 exd4 12. Nxd4 c5 13. N4b3 b6 14. f3 Be6 15.
f4 Nc6 16. Nf3 Rad8 17. Qe2 Rfe8 18. Kh1 Bf5 19. Nbd2 Bxe4 20. Nxe4 Rxe4 21.
Qd3 Qe6 22. Ne5 Rxe3 23. Qxe3 fxe5 24. f5 Qf6 25. Qe4 Bf8 26. Rad1 Rd4 27. Rxd4
cxd4 28. a3 a5 29. g4 h6 30. Kg1 Bc5 31. Kg2 a4 32. Rf3 Ne7 33. h3 Kh7 34. h4
Kh8 35. Qa8+ Ng8 36. Rh3 Qf7 37. g5 Qxf5 38. gxh6 Qg6+ 39. Rg3 Qxh6 40. Rg5 Bd6
41. Qe8 g6 42. Rxg6 Qf8 43. Qe6 Kh7 44. Rg3 Ne7 45. Rg5 Qf4 46. Rh5+ Kg7 47.
Rg5+ Kf8 48. Rg4 Qd2+ 49. Kh3 Qe3+ 50. Rg3 Qf4 51. Rg4 Qf3+ 52. Rg3 Qf1+ 53.
Kg4 Qf4+ 54. Kh3 e4 55. Rg2 Qf3+ 0-1

[Event "Prva liga Centalne Srbije 2009"]
[Site "Vrnjacka Banja"]
[Date "2009.09.21"]
[Round "4.1"]
[White "Rabrenovic, Vladan"]
[Black "Vratonjic, Slobo"]
[Result "1/2-1/2"]
[WhiteElo "2380"]
[BlackElo "2409"]
[PlyCount "104"]
[EventDate "2009.09.19"]

1. d4 Nf6 2. Nf3 d6 3. c4 Nbd7 4. Nc3 e5 5. e4 Be7 6. Be2 c6 7. O-O a6 8. h3 b5
9. a3 O-O 10. Be3 Re8 11. d5 cxd5 12. cxd5 Nb6 13. Nd2 Bd7 14. b4 Qb8 15. Qb3
Rc8 16. Rfc1 Bd8 17. f4 Na4 18. Nxa4 Rxc1+ 19. Rxc1 bxa4 20. Qc3 Bb6 21. fxe5
dxe5 22. Bxb6 Qxb6+ 23. Qc5 Qb7 24. Qc7 Qxc7 25. Rxc7 Bb5 26. Bxb5 axb5 27. Rb7
Rc8 28. Rxb5 Rc1+ 29. Kf2 g6 30. Rc5 Ra1 31. Rc3 Kf8 32. g4 h6 33. Re3 Ra2 34.
Ke1 Ra1+ 35. Ke2 Ra2 36. Kd1 Ke7 37. Nc4 Nd7 38. Re2 Ra1+ 39. Kc2 Rh1 40. Re3
Rh2+ 41. Kc3 Rh1 42. d6+ Ke6 43. Kc2 Rh2+ 44. Kc3 Rh1 45. Kc2 Rh2+ 46. Kc3 Rh1
47. Kc2 Rh2+ 48. Kd3 Rh1 49. Kc2 Rh2+ 50. Kc3 Rh1 51. Kc2 Rh2+ 52. Kc3 Rh1
1/2-1/2